| 000 | 00672nam a22001817a 4500 | ||
|---|---|---|---|
| 999 |
_c16529 _d16529 |
||
| 008 | 220223b ||||| |||| 00| 0 eng d | ||
| 020 | _a9789719647072 | ||
| 082 |
_22017 _aDFil 363.24 _bB87 |
||
| 100 |
_aBulan, Ma. Elizabeth C., author _943990 |
||
| 245 |
_aWorkbook on police photography/ _cMa. Elizabeth C. Bulan, Ma. Elena P. Maganda, authors |
||
| 250 | _aSecond edition | ||
| 260 |
_aQuezon City: _bChapterHouse Publishing, _c©2017. |
||
| 300 |
_a150 pages: _billustrations; _c23 cm. |
||
| 500 | _aIncludes bibliographical references | ||
| 650 |
_aPhotography, Police ---Workbook _944026 |
||
| 700 |
_aMaganda, Ma. Elena P., author _943992 |
||
| 942 |
_2ddc _cDFIL |
||